| 000 | 00777nam a2200253Ia 4500 | ||
|---|---|---|---|
| 008 | 100315s9999 xx 000 0 und d | ||
| 020 | _a0-07-462353-2 | ||
| 040 | _cENGLISH | ||
| 082 |
_b7116 _a004 |
||
| 100 | _a"Kumar , Ram, Agrawal , Rakesh " | ||
| 245 | _aPROGRAMMING IN ANSI C | ||
| 250 | _a3rd | ||
| 260 |
_aNEW DELHI _bTata Mc-Grawhill _c1995 |
||
| 300 | _a"XXII ,452 " | ||
| 365 |
_eRupees _d1 _b0.00 |
||
| 366 | _f0 | ||
| 505 | _gJaya Nikhade | ||
| 530 | _bDonated by RBI Library | ||
| 620 | _a"Computers and Programming,Sequenial Structure , Selective Structure , Repective Structure, File Processing " | ||
| 630 | _aPROGRAMMING IN ANSI C | ||
| 650 | _aCOMPUTER | ||
| 730 | _aPROGRAMMING IN ANSI C | ||
| 942 | _cBOOK | ||
| 999 |
_c481851 _d481848 |
||